000 00378 a2200169 4500
001 69677
020 _a8526248618
040 _cAnchieta - Itaigara
100 _aSouza, Flávio de
240 1 0 _aUma menina, um menino
_lpor
245 1 0 _aUma menina, um menino
300 _a47
362 0 _a2003
440 1 _aScipione
650 4 _aLiteratura infanto-juvenil
942 _cBK
999 _c69677
_d69677